000 00277nam a22001217a 4500
041 _aENG
100 _aMorgan.R.P.C
245 _aSoil Erosion and ITS Control
260 _aNew York
_bVAN Nostrand Reinhold
_c1986
300 _a309
650 _aSWCE ( 06 )
856 _uSWCE ( 06 )
999 _c2954
_d2954